Славянства многоликий мир. Дерево в традиционной культуре славянских народов (Запись № 4613509)

Подробности
000 -МАРКЕР
контрольное поле 02826nam0a2200397 i 4500
001 - ИДЕНТИФИКАТОР ЗАПИСИ
контрольное поле RU\NLR\bibl\2058028
005 - ИДЕНТИФИКАТОР ВЕРСИИ
контрольное поле 20260503061905.0
010 ## - МЕЖДУНАРОДНЫЙ СТАНДАРТНЫЙ НОМЕР КНИГИ (ISBN)
Номер (ISBN) 9785852911049
021 ## - НОМЕР ГОСУДАРСТВЕННОЙ РЕГИСТРАЦИИ
Код страны Российская Федерация
Номер 2013-50953
Номер Листа государственной регистраци 3532
035 ## - ДРУГИЕ СИСТЕМНЫЕ НОМЕРА
Идентификатор записи (nilc)RuMoRGB-006602140
035 ## - ДРУГИЕ СИСТЕМНЫЕ НОМЕРА
Идентификатор записи (NLR Aleph) 002044845
100 ## - ДАННЫЕ ОБЩЕЙ ОБРАБОТКИ
Данные общей обработки 20130702d2013 u y0rusy50 ca
101 0# - ЯЗЫК РЕСУРСА
Язык текста, звукозаписи и т.д. русский
102 ## - СТРАНА ПУБЛИКАЦИИ ИЛИ ПРОИЗВОДСТВА
Страна публикации Российская Федерация
105 ## - ПОЛЕ КОДИРОВАННЫХ ДАННЫХ: ТЕКСТОВЫЕ МАТЕРИАЛЫ, МОНОГРАФИЧЕСКИЕ
Кодированные данные о монографическом текстовом документе a |||||||||
200 1# - ЗАГЛАВИЕ И СВЕДЕНИЯ ОБ ОТВЕТСТВЕННОСТИ
Основное заглавие Славянства многоликий мир. Дерево в традиционной культуре славянских народов
Сведения, относящиеся к заглавию выставка из фондов Музея славянских культур ФГБОУ ВПО "ГАСК"
-- каталог
Первые сведения об ответственности [сост.: Г.П. Мельников, к.ист.н., проф. и др.
Последующие сведения об ответственности авт. вступ. ст. и аннот. к Выставке: А.А. Замышляева]
210 ## - ПУБЛИКАЦИЯ, РАСПРОСТРАНЕНИЕ И ДР.
Место издания, распространения и т.д. Москва
Имя издателя, распространителя и т. д. ГАСК
Дата издания, распространения и т.д. 2013
215 ## - ФИЗИЧЕСКАЯ ХАРАКТЕРИСТИКА
Специфическое обозначение материала и объем 63, [1] с.
Другие сведения о физической характеристике цв. ил.
Размеры 25
300 ## - ОБЩИЕ ПРИМЕЧАНИЯ
Текст примечания В надзаг.: Ком. межрегион. связей и нац. политики Правительства г. Москвы, Гос. учреждение г. Москвы "Моск. дом национальностей", Слав. фонд России, ФГБОУ ВПО "Гос. акад. слав. культуры"
320 ## - ПРИМЕЧАНИЯ О НАЛИЧИИ В ДОКУМЕНТЕ БИБЛИОГРАФИИ / УКАЗАТЕЛЯ
Текст примечания Библиогр. в подстроч. примеч.
517 0# - ДРУГИЕ ВАРИАНТЫ ЗАГЛАВИЯ
Вариант заглавия Дерево в традиционной культуре славянских народов
601 02 - НАИМЕНОВАНИЕ ОРГАНИЗАЦИИ КАК ПРЕДМЕТ
Начальный элемент ввода Государственная академия славянской культуры
Структурное подразделение организации Музей славянских культур
Идентифицирующий признак Москва, город
Формальный подзаголовок Каталоги
Тематический подзаголовок Коллекция художественных деревянных изделий
-- Выставки
Системный номер авторитетной/нормативной записи 2160287
Идентификатор авторитетной/нормативной записи RU\NLR\auth\661604827
606 1# - НАИМЕНОВАНИЕ ТЕМЫ КАК ПРЕДМЕТ
Наименование темы Художественные деревянные изделия славянских народов
Формальный подзаголовок Каталоги
Тематический подзаголовок Выставки
Географический подзаголовок Москва, город
Системный номер авторитетной/нормативной записи 2160286
Идентификатор авторитетной/нормативной записи RU\NLR\auth\661604826
686 ## - ИНДЕКСЫ ДРУГИХ КЛАССИФИКАЦИЙ
Индекс Щ101.3(2Р)-2Москва2Музей славянских культур л62
686 ## - ИНДЕКСЫ ДРУГИХ КЛАССИФИКАЦИЙ
Индекс Щ125.53(0)л62
702 #1 - ИМЯ ЛИЦА - ВТОРИЧНАЯ ОТВЕТСТВЕННОСТЬ
Код отношения Составитель
Начальный элемент ввода Мельников
Часть имени, кроме начального элемента ввода Г. П.
Дополнения к именам, кроме дат канд. ист. наук
Даты 1951-
Расширение инициалов личного имени Георгий Павлович
Идентификатор авторитетной/нормативной записи RU\NLR\AUTH\770134659
Системный номер авторитетной/нормативной записи 134625
712 02 - НАИМЕНОВАНИЕ ОРГАНИЗАЦИИ - ВТОРИЧНАЯ ОТВЕТСТВЕННОСТЬ
Код отношения Прочие
Начальный элемент ввода Государственная академия славянской культуры
Идентифицирующий признак Москва
Структурное подразделение Музей славянских культур
Идентификатор авторитетной/нормативной записи RU\NLR\AUTH\8810163780
Системный номер авторитетной/нормативной записи 823576
801 #0 - ИСТОЧНИК ЗАПИСИ
Страна Российская Федерация
Организация RuMoRKP
Дата составления 20130702
Правила каталогизации RCR
801 #2 - ИСТОЧНИК ЗАПИСИ
Страна Российская Федерация
Организация РГБ
Дата составления 20130709
801 #1 - ИСТОЧНИК ЗАПИСИ
Страна Российская Федерация
Организация RuMoRKP
Дата составления 20130702
Источник данных rusmarc
801 #2 - ИСТОЧНИК ЗАПИСИ
Страна Российская Федерация
Организация NLR
Дата составления 20130731
Правила каталогизации rcr
942 ## - ДОПОЛНИТЕЛЬНЫЕ ЭЛЕМЕНТЫ ЗАПИСИ (АБИС)
Тип экземпляра АБИС Книга
980 ## - КОЛЛЕКЦИЯ
Название коллекции НБР

Нет доступных экземпляров.